000
00255nam a2200109Ia 4500
008
230907s9999||||xx |||||||||||||| ||und||
082
_a
620.5
_b
FUN
245
0
_a
Functional Nanostructures :
260
_a
Springer,
_c
2008
300
_a
591 p.
942
_c
BK
999
_c
598435
_d
598435